Vegetarianism by Country Quiz Stats

 Plays Quiz not verified by Sporcle

Challenge
Share
Tweet
Embed
Score 0/18 Timer 05:00
0 Plays Today
Percent of Population Country % Correct
40%India
95.9%
3.2%United States
95.8%
6%United Kingdom
91.8%
4%Canada
85.4%
>2%France
81.3%
9%Germany
77.2%
2%Norway
59.8%
5%Brazil
56.9%
4.3%Netherlands
56.3%
Percent of Population Country % Correct
1.5%Denmark
55.6%
3%Austria
53.2%
2%Belgium
51.1%
>1%Poland
49.7%
0.3%Portugal
47.8%
8.5%Israel
37.8%
1.5%Czech Republic
31.1%
up to 10%Taiwan
24.7%
3.7%Croatia
16.1%

You're not logged in!

Compare scores with friends on all Sporcle quizzes.
Join for Free
OR
Log In

You Might Also Like...

Show Comments

Extras

Created Jul 25, 2010SourceReportNominate

Top Quizzes Today


Score Distribution

Your Account Isn't Verified!

In order to create a playlist on Sporcle, you need to verify the email address you used during registration. Go to your Sporcle Settings to finish the process.

Report this User

Report this user for behavior that violates our Community Guidelines.

Details: